[Event "Asian Schools-ch 14th U11"]
[Site "Waskaduwa"]
[Date "2018.07.09"]
[Round "2.2"]
[White "Sathmina, SL Lalindu"]
[Black "Ekanayake, DS."]
[Result "1-0"]
[WhiteElo "1552"]
[BlackElo "1304"]
[PlyCount "49"]
[EventDate "2018.07.09"]
[EventType "swiss"]
[EventRounds "9"]
[EventCountry "SRI"]
[SourceTitle "EXT 2024"]
[Source "ChessBase"]
[SourceDate "2023.10.10"]
[SourceVersion "1"]
[SourceVersionDate "2023.10.10"]
[SourceQuality "1"]

1. d4 d5 2. c4 c6 3. Nc3 Nf6 4. Nf3 Bf5 5. cxd5 cxd5 6. Qb3 b6 7. Bf4 e6 8. e3 a6 9. Bxb8 Qxb8 10. Bxa6 Bd6 11. Bb5+ Ke7 12. a4 Rc8 13. Nh4 Bg6 14. Nxg6+ hxg6 15. h3 Qb7 16. Na2 Ne4 17. Nb4 Rc7 18. Rd1 Kf8 19. 0-0 Kg8 20. Bd3 Nf6 21. Na2 Rac8 22. Nc3 Kf8 23. Rc1 Qb8 24. Nb5 Ke7 25. f3 1-0